Science - Physics | 0 | 2 | 0 | 0 | 20 | 112 | 115.00 | 0 | 0 |
Fine Arts - Music | 0 | 1 | 0 | 0 | 10 | 113 | 113.00 | 0 | 0 |
RMP - Philosophy | 0 | 1 | 0 | 0 | 10 | 102 | 102.00 | 0 | 0 |
Fine Arts - Jazz | 0 | 1 | 0 | 0 | 10 | 94 | 94.00 | 0 | 0 |
RMP - World Mythology | 0 | 1 | 0 | 0 | 10 | 129 | 129.00 | 0 | 0 |
Science - Chemistry | 0 | 1 | 0 | 0 | 10 | 112 | 112.00 | 0 | 0 |
Science - Engineering and Miscellaneous | 0 | 1 | 0 | 0 | 10 | 113 | 113.00 | 0 | 0 |
Science - Math | 0 | 1 | 0 | 0 | 10 | 125 | 125.00 | 0 | 0 |
History - European | 0 | 0 | 0 | 0 | 0 | | 0.00 | 0 | 0 |
Science - Astronomy | 0 | 0 | 0 | 0 | 0 | | 0.00 | 0 | 0 |
Literature - World and Miscellaneous | 0 | 0 | 0 | 0 | 0 | | 0.00 | 0 | 0 |
RMP - Greco-Roman Mythology | 0 | 0 | 0 | 0 | 0 | | 0.00 | 0 | 0 |
RMP - Hebrew Bible | 0 | 0 | 0 | 0 | 0 | | 0.00 | 0 | 0 |
RMP - Other Religion | 0 | 0 | 0 | 0 | 0 | | 0.00 | 0 | 0 |
Science - Biology | 0 | 0 | 0 | 0 | 0 | | 0.00 | 0 | 0 |